00266nam a2200097Ia 4500008004100000100002000041245005000061260003100111260000900142999001700151170620s9999 xx 000 0 und d aChandra- Ramesh 0aTeaching and Technology for Human Development bDelhi- Kalpaz Publications c2006 c24555d24555